Statistics for Gods of ancient Greece

Click here to take the quiz!

General Stats

  • This quiz has been taken 15 times
  • The average score is 20 of 35

Answer Stats

HintGreek% Correct
Goddess of LoveAphrodite
100%
God of warAres
100%
Goddess of the huntArtemis
100%
God of the UnderworldHades
100%
Goddess of marriageHera
100%
God of the Sea
Poseidon
100%
God of the artsApollo
93%
Goddess of KnowledgeAthena
93%
God of the SkyZues
93%
God of wineDionysus
79%
God of loveEros
79%
Mother EarthGaia
79%
God of CommunicationHermes
79%
Goddess of the HarvestDemeter
71%
God of the sunHelios
71%
God of TimeKronos
71%
God of Fire and BlacksmithsHephaestus
64%
Goddess of VictoryNike
64%
Goddess of the homeHestia
57%
Goddess of springPersephone
57%
Goddess of the moonSelene
50%
Goddess of rainbowsIris
43%
Goddess of NightNyx
43%
Goddess of MagicHecate
29%
Goddess of SleepHypnos
29%
Goddess of RevengeNemesis
29%
Father skyOuranos
29%
God of deathThanatos
29%
God of darknessErebos
14%
God of StrengthKratos
14%
Goddess of ForceBia
7%
God of WinterBoreas
7%
Goddess of dayHemera
7%
Goddess of fertilityRhea
7%
God of the StarsAstraios
0%

Score Distribution

Percentile by Number Answered

Percent of People with Each Score

Your Score History

You have not taken this quiz